Catálogo público

Physical and chemical properties of food / (Record no. 173937)

MARC details
000 -CABECERA
campo de control de longitud fija 00804nam a2200265Ia 4500
001 - NÚMERO DE CONTROL
campo de control dia_3474
003 - IDENTIFICADOR DEL NÚMERO DE CONTROL
campo de control CHAP
005 - FECHA Y HORA DE LA ÚLTIMA TRANSACCIÓN
campo de control 20230411111902.0
008 - DATOS DE LONGITUD FIJA--INFORMACIÓN GENERAL
campo de control de longitud fija 220117s1986 xx 000 0 und d
010 ## - NÚMERO DE CONTROL DE LA BIBLIOTECA DEL CONGRESO
Número de control de LC 173937
020 ## - NÚMERO INTERNACIONAL ESTÁNDAR DEL LIBRO
Número Internacional Estándar del Libro 0-916150-82-8
040 ## - FUENTE DE LA CATALOGACIÓN
Centro/agencia transcriptor CHAP
082 ## - NÚMERO DE LA CLASIFICACIÓN DECIMAL DEWEY
Número de clasificación 641.1 O5
100 ## - ENTRADA PRINCIPAL--NOMBRE DE PERSONA
Nombre de persona Okos, Martin R.
9 (RLIN) 82951
245 ## - MENCIÓN DE TÍTULO
Título Physical and chemical properties of food /
Mención de responsabilidad, etc. Martin R. Okos
260 ## - PUBLICACIÓN, DISTRIBUCIÓN, ETC.
Lugar de publicación, distribución, etc. St. joseph, michigan, USA :
Nombre del editor, distribuidor, etc. american society of agricultural engineers,
Fecha de publicación, distribución, etc. 1986
300 ## - DESCRIPCIÓN FÍSICA
Extensión 407 p.
503 ## - NOTA DE HISTORIA BIBLIOGRÁFICA (BK CF MU) [OBSOLETO]
Nota de historia bibliográfica C.1 I.151186, C.2, C.3 Y C.4 Fotocopia
650 ## - PUNTO DE ACCESO ADICIONAL DE MATERIA--TÉRMINO DE MATERIA
Término de materia o nombre geográfico como elemento de entrada 1.Alimentos
Subdivisión general análisis
9 (RLIN) 149393
650 ## - PUNTO DE ACCESO ADICIONAL DE MATERIA--TÉRMINO DE MATERIA
Término de materia o nombre geográfico como elemento de entrada Alimentos
Subdivisión general química
9 (RLIN) 140132
901 ## - ELEMENTOS DE DATOS A LOCAL LDA (RLIN)
a 641.1 O5
902 ## - ELEMENTOS DE DATOS B LOCAL, LDB (RLIN)
a M
905 ## - ELEMENTOS DE DATOS E LOCAL, LDE (RLIN)
a 0000001986 -USX 0000000000ENG00
942 ## - ELEMENTOS DE PUNTO DE ACCESO ADICIONAL (KOHA)
Tipo de ítem Koha Libro
Fuente del sistema de clasificación o colocación Dewey Decimal Classification
Holdings
Estado de retiro Estado de pérdida Fuente del sistema de clasificación o colocación Estado dañado No para préstamo Código de colección Localización permanente Ubicación/localización actual Fecha de adquisición Información codificada de la localización en otra ubicación Total de préstamos Signatura topográfica completa Código de barras Fecha visto por última vez Número de copia Precio válido a partir de Tipo de ítem Koha Restricciones de uso Fuente de adquisición Coste, precio normal de compra Número de inventario
    Dewey Decimal Classification     General Ingenieria Agroindustrial Ingenieria Agroindustrial 18/01/2022 1   641.1 O5 dia_5275 18/01/2022 4 18/01/2022 Libro        
    Dewey Decimal Classification     General Ingenieria Agroindustrial Ingenieria Agroindustrial 18/01/2022     641.1 O5 dia_3293 18/01/2022 1   Libro Préstamo interno Compra Librería Patena F. 5084 / R. 24559 (27/04/1990) 175473.00 151186
    Dewey Decimal Classification     General Ingenieria Agroindustrial Ingenieria Agroindustrial 18/01/2022 1   641.1 O5 dia_3958 18/01/2022 2 18/01/2022 Libro        
    Dewey Decimal Classification     General Ingenieria Agroindustrial Ingenieria Agroindustrial 18/01/2022 1   641.1 O5 dia_5274 18/01/2022 3 18/01/2022 Libro